Sandro Botticelli (1444/115-1510) / (Record no. 78260)

MARC details
000 -LEADER
campo de control de longitud fija 00569nam a2200169 i 4500
001 - NÚMERO DE CONTROL
campo de control 78260
003 - IDENTIFICADOR DE NÚMERO DE CONTROL
campo de control ES-MaACL
005 - FECHA Y HORA DE LA ÚLTIMA TRANSACCIÓN
campo de control 20230906173630.0
007 - CAMPO FIJO DE DESCRIPCIÓN FÍSICA--INFORMACIÓN GENERAL
campo de control de longitud fija t|
008 - DATOS DE LONGITUD FIJA--INFORMACIÓN GENERAL
campo de control de longitud fija 041013s1953 sp ||||1| spa d
100 1# - ENTRADA PRINCIPAL--NOMBRE DE PERSONA
Nombre de persona Hartt, Frederick.
9 (RLIN) 62002
245 10 - MENCIÓN DEL TÍTULO
Título Sandro Botticelli (1444/115-1510) /
Mención de responsabilidad, etc. texto de Frédéric Hartt ; versión castellana de R. Santos Torroella.
260 ## - PUBLICACIÓN, DISTRIBUCIÓN, ETC.
Lugar de publicación, distribución, etc. Barcelona :
Nombre del editor, distribuidor, etc. Argos,
Fecha de publicación, distribución, etc. [1953] (
Fabricante Agustín Núñez)
300 ## - DESCRIPCIÓN FÍSICA
Extensión 9 h., 44 lám. :
Otras características físicas il. ;
Dimensiones 17 cm.
700 1# - ENTRADA AGREGADA--NOMBRE PERSONAL
Nombre de persona Santos Torroella, Rafael.
9 (RLIN) 103536
852 ## - LOCALIZACIÓN
Ubicación ES-MaACL
Número de control de estantería C-11678
Sublocalización o colección R.38699
Holdings
Estatus retirado Estado de pérdida Estado de daño No para préstamo Biblioteca de origen Biblioteca actual Ubicación en estantería Fecha de adquisición Fuente de adquisición Total de préstamos Signatura topográfica completa Código de barras Visto por última vez Precio de reemplazo Tipo de ítem Koha
        Biblioteca del Ateneo de Madrid Biblioteca del Ateneo de Madrid Sala Palomar 17/01/2008     C-11678 1081865 23/02/2023 23/02/2023 Libro impreso